00468nam a2200133Ia 4500008004100000050002600041100004200067245008200109250001800191260003600209300001800245490004900263650002200312120720s1963 ag 000 0 spa d aPQ6615.E57 bH47 1963 aHernandez, Migueld, 1910-1942eautor aPerito en lunasb : poemas de adolescencia. otros poemasc / Miguel Hernandez a5a. edición aBuenos Airesb : Losadac, 1963 a173 páginas aBiblioteca clásica y contemporáneav, 42 0aPOESIA ESPAÑOLA